[Event "Zadar op-A 24th"]
[Site "Zadar"]
[Date "2017.12.12"]
[Round "5"]
[White "Curic, Drazen"]
[Black "Villeneuve, Alain"]
[Result "1/2-1/2"]
[WhiteElo "2224"]
[BlackElo "2261"]
[PlyCount "96"]
[EventDate "2017.12.09"]
[EventType "swiss"]
[EventRounds "9"]
[EventCountry "CRO"]
[SourceTitle "CBM 182 Extra"]
[Source "ChessBase"]
[SourceDate "2018.02.23"]
[SourceVersion "1"]
[SourceVersionDate "2018.02.23"]
[SourceQuality "1"]

1. Nf3 d5 2. e3 Nf6 3. b3 g6 4. Bb2 Bg7 5. c4 c6 6. Be2 0-0 7. 0-0 a5 8. a3 Nbd7 9. d3 Re8 10. Nbd2 e5 11. cxd5 Nxd5 12. Qc2 Nf8 13. Nc4 f6 14. Rfe1 Be6 15. d4 exd4 16. Nxd4 Bf7 17. Rad1 f5 18. Bf3 Qc7 19. h4 Nb6 20. Nd6 Qxd6 21. Nxf5 Qxd1 22. Rxd1 gxf5 23. Bxg7 Kxg7 24. Qxf5 Bxb3 25. Qg5+ Kf7 26. Rd4 Nd5 27. e4 Ne7 28. e5 Neg6 29. Bh5 Kg8 30. Bxg6 hxg6 31. f4 Bf7 32. Rd6 Ne6 33. Qf6 Rad8 34. Rxd8 Nxd8 35. h5 gxh5 36. f5 Kf8 37. Kf2 b5 38. Kg3 b4 39. axb4 axb4 40. Qd6+ Kg8 41. Kf4 b3 42. Qd4 Bd5 43. g3 Re7 44. Qb2 Nf7 45. e6 Nd8 46. Kg5 Nxe6+ 47. fxe6 Rxe6 48. Kxh5 Rd6 1/2-1/2

[Event "Pula op 22nd"]
[Site "Pula"]
[Date "2008.06.23"]
[Round "3"]
[White "Villeneuve, Alain"]
[Black "Rogic, Davor"]
[Result "0-1"]
[WhiteElo "2267"]
[BlackElo "2475"]
[PlyCount "132"]
[EventDate "2008.06.21"]
[EventType "swiss"]
[EventRounds "9"]
[EventCountry "CRO"]
[SourceTitle "CBM 125 Extra"]
[Source "ChessBase"]
[SourceDate "2008.09.01"]
[SourceVersion "1"]
[SourceVersionDate "2008.09.01"]
[SourceQuality "1"]

1. d4 d5 2. c4 c6 3. Nf3 Nf6 4. e3 Bf5 5. Bd3 Bxd3 6. Qxd3 e6 7. Nc3 Bb4 8. 0-0 Nbd7 9. a3 Bxc3 10. bxc3 Qa5 11. Nd2 Qa6 12. Qb1 0-0 13. c5 b6 14. cxb6 axb6 15. a4 Ra7 16. Re1 Rfa8 17. Ra3 h6 18. Bb2 Qb7 19. Qa2 c5 20. Ra1 c4 21. Qb1 Ra5 22. Bc1 R8a7 23. f3 Qc6 24. Qc2 Qa8 25. Qa2 Ne8 26. e4 Nc7 27. e5 Nb8 28. Nb1 Nc6 29. Qc2 R5a6 30. R1a2 Na5 31. Nd2 b5 32. axb5 Nxb5 33. Ra4 Nb3 34. Rxa6 Rxa6 35. Rxa6 Qxa6 36. Nxb3 Qa4 37. Na1 Qxa1 38. Qb2 Qa4 39. Qd2 Qb3 40. Bb2 Qa2 41. g4 Qb1+ 42. Kg2 g5 43. Kf2 Qh1 44. Kg3 Qg1+ 45. Kh3 Kg7 46. Bc1 Qf1+ 47. Kg3 Qd3 48. Qxd3 cxd3 49. Kf2 Nxc3 50. Ke3 Ne2 51. Bd2 Nf4 52. Ba5 Kg6 53. Bd8 h5 54. gxh5+ Kxh5 55. Be7 Ng6 56. Bb4 Nh4 57. h3 Kg6 58. Ba5 Kf5 59. Bd8 d2 60. Kxd2 Kf4 61. Kd3 Nxf3 62. Bf6 Ne1+ 63. Ke2 Ng2 64. Kf2 Nh4 65. Ke2 Ng6 66. Kd3 Kf5 0-1

[Event "Rijeka op"]
[Site "Rijeka"]
[Date "2007.12.02"]
[Round "9"]
[White "Bosiocic, Marin"]
[Black "Villeneuve, Alain"]
[Result "1-0"]
[WhiteElo "2491"]
[BlackElo "2276"]
[PlyCount "53"]
[EventDate "2007.11.25"]
[EventType "swiss"]
[EventRounds "9"]
[EventCountry "CRO"]
[SourceTitle "CBM 121 Extra"]
[Source "ChessBase"]
[SourceDate "2008.01.10"]
[SourceVersion "1"]
[SourceVersionDate "2008.01.10"]
[SourceQuality "1"]

1. e4 c6 2. d4 d5 3. e5 Bf5 4. Nf3 e6 5. Be2 Ne7 6. 0-0 c5 7. dxc5 Nec6 8. Be3 Nd7 9. c4 dxc4 10. Na3 c3 11. b4 c2 12. Nxc2 Bxc2 13. Qxc2 Nxb4 14. Qe4 Nd5 15. Bb5 a6 16. Ba4 Rc8 17. Rac1 Be7 18. c6 bxc6 19. Nd4 c5 20. Nc6 Qb6 21. Rb1 Nc3 22. Rxb6 Nxe4 23. Nxe7 Kxe7 24. Rb7 Rhd8 25. Rd1 Nc3 26. Rdxd7+ Rxd7 27. Bxd7 1-0

[Event "Rijeka op"]
[Site "Rijeka"]
[Date "2007.12.01"]
[Round "8"]
[White "Villeneuve, Alain"]
[Black "Golubovic, Boris"]
[Result "1/2-1/2"]
[WhiteElo "2276"]
[BlackElo "2437"]
[PlyCount "75"]
[EventDate "2007.11.25"]
[EventType "swiss"]
[EventRounds "9"]
[EventCountry "CRO"]
[SourceTitle "CBM 121 Extra"]
[Source "ChessBase"]
[SourceDate "2008.01.10"]
[SourceVersion "1"]
[SourceVersionDate "2008.01.10"]
[SourceQuality "1"]

1. d4 d5 2. c4 c6 3. Nf3 Nf6 4. e3 Bg4 5. Nc3 e6 6. Be2 Nbd7 7. 0-0 Bd6 8. b3 0-0 9. Bb2 Qe7 10. h3 Bh5 11. Ne5 Bxe2 12. Nxe2 Rfd8 13. f3 c5 14. Qe1 cxd4 15. exd4 dxc4 16. Nxc4 Nd5 17. Nc3 Nxc3 18. Bxc3 Nf6 19. Rd1 Rac8 20. a4 Nd5 21. Bd2 Qf6 22. Qe4 Qg6 23. Rfe1 Qg3 24. Kf1 b6 25. Rc1 Be7 26. Qe5 Qg6 27. Qe4 Bf6 28. Red1 Rc7 29. Ne3 Rcd7 30. Ng4 Ne7 31. Nxf6+ Qxf6 32. Be3 h6 33. Rd3 Nf5 34. Bf2 Qg5 35. f4 Qg6 36. Re1 Rd5 37. g4 Ne7 38. f5 1/2-1/2

[Event "Rijeka op"]
[Site "Rijeka"]
[Date "2007.11.27"]
[Round "4"]
[White "Villeneuve, Alain"]
[Black "Zrilic, Bozo"]
[Result "1-0"]
[WhiteElo "2276"]
[BlackElo "2079"]
[PlyCount "73"]
[EventDate "2007.11.25"]
[EventType "swiss"]
[EventRounds "9"]
[EventCountry "CRO"]
[SourceTitle "CBM 121 Extra"]
[Source "ChessBase"]
[SourceDate "2008.01.10"]
[SourceVersion "1"]
[SourceVersionDate "2008.01.10"]
[SourceQuality "1"]

1. d4 d5 2. c4 c6 3. Nf3 dxc4 4. e3 b5 5. a4 Bb7 6. b3 e5 7. Nxe5 Bb4+ 8. Bd2 Qa5 9. bxc4 Nf6 10. Bd3 c5 11. 0-0 bxc4 12. Bxc4 0-0 13. Qb3 Ba6 14. Bxb4 cxb4 15. Nd2 Nbd7 16. Bxf7+ Kh8 17. Bc4 Nxe5 18. dxe5 Ng4 19. f4 Rad8 20. h3 Rxd2 21. hxg4 Bb7 22. Ra2 Rxa2 23. Qxa2 Qc5 24. Qe2 a5 25. g5 Be4 26. Bd3 Bc6 27. Bc2 Bd5 28. Qd3 Bg8 29. Rf3 Rc8 30. Bb1 Qb6 31. Rh3 h6 32. gxh6 gxh6 33. e6 Rc6 34. Rxh6+ Kg7 35. Rh7+ Kf8 36. Qf5+ Ke8 37. Qg6+ 1-0

[Event "Cannes op"]
[Site "Cannes"]
[Date "2007.02.22"]
[Round "6"]
[White "Foisor, Cristina Adela B"]
[Black "Villeneuve, Alain"]
[Result "1-0"]
[WhiteElo "2399"]
[BlackElo "2287"]
[PlyCount "65"]
[EventDate "2007.02.18"]
[EventType "swiss"]
[EventRounds "9"]
[EventCountry "FRA"]
[SourceTitle "CBM 116 Extra"]
[Source "ChessBase"]
[SourceDate "2007.03.07"]
[SourceVersion "1"]
[SourceVersionDate "2007.03.07"]
[SourceQuality "1"]

1. c4 e6 2. g3 Nf6 3. Bg2 d5 4. Nf3 b6 5. 0-0 Bb7 6. d4 Be7 7. Nc3 0-0 8. Ne5 c6 9. e4 Na6 10. Bf4 Rc8 11. Rc1 Bb4 12. exd5 cxd5 13. Bg5 Bxc3 14. Rxc3 Rc7 15. Qa4 Qc8 16. Bxf6 gxf6 17. Ng4 f5 18. Nf6+ Kg7 19. Nh5+ Kh6 20. Nf4 Rxc4 21. Rxc4 dxc4 22. Bxb7 Qxb7 23. Qxc4 Nc7 24. Rc1 Nd5 25. Nxd5 exd5 26. Qc7 Qa8 27. Rc6+ Kg7 28. Qe5+ f6 29. Qxd5 Rf7 30. Qe6 Qb7 31. d5 Qd7 32. Kg2 Qd8 33. Qxf5 1-0

[Event "Le Touquet op 20th"]
[Site "Le Touquet"]
[Date "2005.10.28"]
[Round "8"]
[White "Villeneuve, Alain"]
[Black "Ninov, Nikolai"]
[Result "1-0"]
[WhiteElo "2247"]
[BlackElo "2522"]
[PlyCount "81"]
[EventDate "2005.10.23"]
[EventType "swiss"]
[EventRounds "9"]
[EventCountry "FRA"]
[SourceTitle "EXT 2006"]
[Source "ChessBase"]
[SourceDate "2005.11.24"]
[SourceVersion "1"]
[SourceVersionDate "2005.11.24"]
[SourceQuality "1"]

1. d4 Nf6 2. c4 e6 3. Nc3 Bb4 4. e3 b6 5. Nf3 c5 6. Bd3 0-0 7. 0-0 Bb7 8. Na4 Qe7 9. a3 Ba5 10. Ne1 d5 11. cxd5 exd5 12. dxc5 Bxe1 13. Rxe1 bxc5 14. b4 c4 15. Bc2 Rd8 16. Nc5 Bc8 17. Bb2 Nc6 18. h3 Rb8 19. Bc3 a5 20. Rb1 axb4 21. axb4 Na7 22. Qd4 Nb5 23. Qe5 Be6 24. Bb2 Rb6 25. Red1 Ne8 26. Bf5 c3 27. Ba1 d4 28. Nxe6 fxe6 29. Be4 Na3 30. Rbc1 Rb5 31. Qg3 Nd6 32. Rxd4 Rg5 33. Qf3 Nab5 34. Bb1 Nxd4 35. exd4 Nf5 36. Bxc3 Rxg2+ 37. Qxg2 Nxd4 38. Re1 Nb5 39. Rxe6 Qf7 40. Ba2 Kh8 41. Re8+ 1-0

[Event "Le Touquet op 20th"]
[Site "Le Touquet"]
[Date "2005.10.27"]
[Round "6"]
[White "Villeneuve, Alain"]
[Black "Degraeve, Jean Marc"]
[Result "0-1"]
[WhiteElo "2265"]
[BlackElo "2546"]
[PlyCount "70"]
[EventDate "2005.10.23"]
[EventType "swiss"]
[EventRounds "9"]
[EventCountry "FRA"]
[SourceTitle "EXT 2006"]
[Source "ChessBase"]
[SourceDate "2005.11.24"]
[SourceVersion "1"]
[SourceVersionDate "2005.11.24"]
[SourceQuality "1"]

1. d4 Nf6 2. c4 c5 3. Nf3 cxd4 4. Nxd4 e5 5. Nc2 b5 6. e4 Bb7 7. f3 bxc4 8. Bxc4 d5 9. exd5 Nxd5 10. 0-0 Bc5+ 11. Kh1 0-0 12. Nc3 Nxc3 13. Qxd8 Rxd8 14. bxc3 Nd7 15. Be3 Rdc8 16. Rfe1 Kf8 17. Rac1 Nb6 18. Bb3 f6 19. Kg1 Rc7 20. Kf2 Rac8 21. Red1 Be7 22. Be6 Re8 23. c4 Nxc4 24. Bxa7 Nb2 25. Rd2 Ba6 26. Bb6 Rc6 27. Bd7 Rxb6 28. Bxe8 Kxe8 29. Kg3 f5 30. h4 Nd3 31. Rcd1 e4 32. fxe4 fxe4 33. h5 Rb5 34. h6 g6 35. Ne3 Bd6+ 0-1

[Event "Le Touquet op 20th"]
[Site "Le Touquet"]
[Date "2005.10.26"]
[Round "5"]
[White "Murey, Jacob"]
[Black "Villeneuve, Alain"]
[Result "0-1"]
[WhiteElo "2458"]
[BlackElo "2265"]
[PlyCount "82"]
[EventDate "2005.10.23"]
[EventType "swiss"]
[EventRounds "9"]
[EventCountry "FRA"]
[SourceTitle "EXT 2006"]
[Source "ChessBase"]
[SourceDate "2005.11.24"]
[SourceVersion "1"]
[SourceVersionDate "2005.11.24"]
[SourceQuality "1"]

1. e4 c6 2. d4 d5 3. f3 dxe4 4. fxe4 e5 5. Nf3 Be6 6. c3 Nd7 7. Bd3 Bd6 8. Ng5 Qe7 9. 0-0 Ngf6 10. Nxe6 Qxe6 11. Nd2 0-0 12. a4 Rad8 13. Bc4 Qe7 14. Qf3 Nb6 15. Bd3 Nfd7 16. a5 Nc8 17. Nc4 Bb8 18. b3 b5 19. axb6 axb6 20. Qh3 Nd6 21. Ba3 Rfe8 22. Rf3 f6 23. Ne3 Nf8 24. Rg3 Qd7 25. Qh4 exd4 26. Ng4 Nxe4 27. Bxe4 Bxg3 28. Qxg3 Kh8 29. Nf2 c5 30. Bb2 f5 31. Bd3 Re3 32. Qg5 h6 33. Qh5 Qe6 34. Qd1 dxc3 35. Bxc3 Rexd3 36. Nxd3 Qe3+ 37. Kh1 Rxd3 38. Bxg7+ Kxg7 39. Qh5 Qd4 40. Rf1 f4 41. Qg4+ Ng6 0-1

[Event "Le Touquet op 19th"]
[Site "Le Touquet"]
[Date "2004.10.26"]
[Round "3"]
[White "Villeneuve, Alain"]
[Black "Dupont, Dany"]
[Result "1/2-1/2"]
[WhiteElo "2273"]
[BlackElo "2070"]
[PlyCount "88"]
[EventDate "2004.10.25"]
[EventType "swiss"]
[EventRounds "9"]
[EventCountry "FRA"]
[SourceTitle "EXT 2005"]
[Source "ChessBase"]
[SourceDate "2004.11.15"]
[SourceVersion "1"]
[SourceVersionDate "2004.11.15"]
[SourceQuality "1"]

1. Nf3 Nf6 2. c4 g6 3. b3 Bg7 4. Bb2 0-0 5. g3 d6 6. d4 c5 7. Bg2 Qa5+ 8. Bc3 Qc7 9. 0-0 Ne4 10. Bb2 Nc6 11. Nbd2 Bf5 12. e3 Rad8 13. Nh4 Nxd2 14. Qxd2 Bc8 15. d5 Bxb2 16. Qxb2 Ne5 17. f4 Ng4 18. Rae1 e6 19. h3 Nh6 20. e4 exd5 21. cxd5 f6 22. Rf2 b6 23. Rd2 Qg7 24. Nf3 Nf7 25. Kh2 Rfe8 26. Bf1 Bd7 27. a4 Re7 28. Bc4 Rde8 29. Rde2 Kf8 30. Bb5 Bxb5 31. axb5 g5 32. Qd2 Qg6 33. Qc2 Qh5 34. Qc3 Qg6 35. e5 fxe5 36. fxe5 Nxe5 37. Nxe5 Rxe5 38. Rxe5 Rxe5 39. Rxe5 dxe5 40. Qxe5 Qc2+ 41. Kg1 Qd1+ 42. Kf2 Qd2+ 43. Kf3 Qd1+ 44. Kf2 Qd2+ 1/2-1/2

[Event "Le Touquet op 16th"]
[Site "Le Touquet"]
[Date "2001.10.30"]
[Round "6"]
[White "Soyez, Cyril"]
[Black "Villeneuve, Alain"]
[Result "0-1"]
[WhiteElo "2000"]
[BlackElo "2289"]
[PlyCount "80"]
[EventDate "2001.10.27"]
[EventType "swiss"]
[EventRounds "9"]
[EventCountry "FRA"]
[SourceTitle "EXT 2002"]
[Source "ChessBase"]
[SourceDate "2001.11.25"]
[SourceVersion "1"]
[SourceVersionDate "2001.11.25"]
[SourceQuality "1"]

1. c4 c5 2. g3 g6 3. Bg2 Bg7 4. Nc3 d6 5. d3 e5 6. e4 Be6 7. Nge2 Qd7 8. f4 Nc6 9. 0-0 Nge7 10. Be3 Bh3 11. Nd5 Bxg2 12. Kxg2 exf4 13. Nexf4 Bxb2 14. Rf2 Bg7 15. Rb1 0-0 16. h4 f5 17. Qd2 Rf7 18. Nh3 Nxd5 19. exd5 Ne5 20. Ng5 Re7 21. Bf4 Rae8 22. Ne6 Rxe6 23. dxe6 Qc6+ 24. Kh3 Rxe6 25. Bxe5 dxe5 26. Qa5 e4 27. Qxa7 e3 28. Rxb7 Bf8 29. Rxh7 Be7 30. Rh6 exf2 31. Qb8+ Bd8 32. Qxd8+ Re8 33. Rxg6+ Qxg6 34. Qd5+ Qe6 35. Qf3 Qe2 36. Qd5+ Qe6 37. Qf3 Qe2 38. Qd5+ Kg7 39. h5 f1Q+ 40. Kh4 Qg4# 0-1

[Event "Le Touquet op 15th"]
[Site "Le Touquet"]
[Date "2000.11.02"]
[Round "8"]
[White "Villeneuve, Alain"]
[Black "Pelle, Guillaume"]
[Result "1/2-1/2"]
[WhiteElo "2293"]
[BlackElo "2280"]
[PlyCount "60"]
[EventDate "2000.10.28"]
[EventType "swiss"]
[EventRounds "9"]
[EventCountry "FRA"]
[SourceTitle "EXT 2002"]
[Source "ChessBase"]
[SourceDate "2001.11.25"]
[SourceVersion "1"]
[SourceVersionDate "2001.11.25"]
[SourceQuality "1"]

1. d4 Nf6 2. Nf3 g6 3. c4 Bg7 4. Nc3 d6 5. e4 0-0 6. Be2 e5 7. 0-0 Nc6 8. d5 Ne7 9. b4 Nh5 10. Re1 f5 11. Ng5 Nf6 12. Bf3 c6 13. Be3 h6 14. Ne6 Bxe6 15. dxe6 f4 16. Bc1 Nc8 17. c5 Qe7 18. Qb3 Re8 19. Be2 dxc5 20. bxc5 Qxc5 21. a4 Qb6 22. Qa2 Qd4 23. Bb2 Nxe4 24. Nxe4 Qxe4 25. Rad1 Nb6 26. a5 Nd5 27. Bg4 Qc2 28. Rc1 Qd2 29. Rcd1 Qc2 30. Rc1 Qd2 1/2-1/2

[Event "Le Touquet op 15th"]
[Site "Le Touquet"]
[Date "2000.10.28"]
[Round "1"]
[White "Arquie, Alexis"]
[Black "Villeneuve, Alain"]
[Result "1/2-1/2"]
[WhiteElo "2023"]
[BlackElo "2293"]
[PlyCount "35"]
[EventDate "2000.10.28"]
[EventType "swiss"]
[EventRounds "9"]
[EventCountry "FRA"]
[SourceTitle "EXT 2002"]
[Source "ChessBase"]
[SourceDate "2001.11.25"]
[SourceVersion "1"]
[SourceVersionDate "2001.11.25"]
[SourceQuality "1"]

1. c4 e6 2. g3 d5 3. b3 dxc4 4. Bg2 cxb3 5. Qxb3 Nc6 6. Bxc6+ bxc6 7. Nc3 Nf6 8. Nf3 Bd6 9. Rb1 0-0 10. Qc4 Bd7 11. 0-0 Nd5 12. Ne4 Rb8 13. Rxb8 Qxb8 14. Nc5 Bxc5 15. Qxc5 Qb5 16. Ba3 Qxc5 17. Bxc5 Ra8 18. Rb1 1/2-1/2

[Event "Martinez op-A"]
[Site "Cannes"]
[Date "2000.08.06"]
[Round "9"]
[White "Villeneuve, Alain"]
[Black "Van Hoolandt, Patrick"]
[Result "1/2-1/2"]
[WhiteElo "2293"]
[BlackElo "2169"]
[PlyCount "66"]
[EventDate "2000.07.29"]
[EventType "swiss"]
[EventRounds "9"]
[EventCountry "FRA"]
[SourceTitle "EXT 2001"]
[Source "ChessBase"]
[SourceDate "2000.11.22"]
[SourceVersion "1"]
[SourceVersionDate "2000.11.22"]
[SourceQuality "1"]

1. d4 Nf6 2. c4 e6 3. Nc3 Bb4 4. e3 c5 5. Bd3 Nc6 6. Nge2 cxd4 7. exd4 d5 8. 0-0 dxc4 9. Bxc4 0-0 10. Be3 Bd6 11. h3 a6 12. a4 Nb4 13. Qd2 b6 14. Rac1 Bb7 15. Rfd1 Rc8 16. Bb3 Re8 17. Nf4 Be7 18. Qe2 Qd6 19. Nh5 Nxh5 20. Qxh5 Bf6 21. Qg4 Qe7 22. d5 Nxd5 23. Bxd5 exd5 24. Nxd5 Qe5 25. f4 Qxb2 26. Rb1 h5 27. Qg3 Rxe3 28. Qxe3 Qa2 29. Nxf6+ gxf6 30. Qg3+ Kh8 31. Qf2 Rc2 32. Qe3 Rxg2+ 33. Kh1 Rg8+ 1/2-1/2

[Event "Martinez op-A"]
[Site "Cannes"]
[Date "2000.08.01"]
[Round "4"]
[White "Bes, Stephane"]
[Black "Villeneuve, Alain"]
[Result "0-1"]
[WhiteElo "2165"]
[BlackElo "2293"]
[PlyCount "80"]
[EventDate "2000.07.29"]
[EventType "swiss"]
[EventRounds "9"]
[EventCountry "FRA"]
[SourceTitle "EXT 2001"]
[Source "ChessBase"]
[SourceDate "2000.11.22"]
[SourceVersion "1"]
[SourceVersionDate "2000.11.22"]
[SourceQuality "1"]

1. d4 Nf6 2. Nf3 e6 3. c4 b6 4. g3 Bb7 5. Bg2 Bb4+ 6. Nbd2 0-0 7. 0-0 a5 8. Qc2 d6 9. a3 Bxd2 10. Nxd2 Bxg2 11. Kxg2 a4 12. Nf3 Nbd7 13. e4 e5 14. dxe5 dxe5 15. Bg5 h6 16. Bxf6 Qxf6 17. Rad1 Nc5 18. Rd5 Rfe8 19. Rfd1 Re6 20. Re1 Rae8 21. Re3 g5 22. h3 Qe7 23. Rd1 Ra8 24. Qe2 f6 25. Nh2 Rd8 26. Ng4 Kh7 27. Rxd8 Qxd8 28. Rf3 Qd6 29. Re3 Qd4 30. Nh2 Qd7 31. Qh5 Rd6 32. Ng4 Qg7 33. Nh2 Qg6 34. Qf3 Rd4 35. Ng4 Kg7 36. Qf5 Qxf5 37. exf5 h5 38. Nh2 Rxc4 39. Re2 Nb3 40. Nf1 Nd4 0-1

[Event "Martinez op-A"]
[Site "Cannes"]
[Date "2000.07.31"]
[Round "3"]
[White "Villeneuve, Alain"]
[Black "Chabanon, Jean Luc"]
[Result "0-1"]
[WhiteElo "2293"]
[BlackElo "2428"]
[PlyCount "106"]
[EventDate "2000.07.29"]
[EventType "swiss"]
[EventRounds "9"]
[EventCountry "FRA"]
[SourceTitle "EXT 2001"]
[Source "ChessBase"]
[SourceDate "2000.11.22"]
[SourceVersion "1"]
[SourceVersionDate "2000.11.22"]
[SourceQuality "1"]

1. d4 d6 2. Nf3 g6 3. c4 Bg7 4. Nc3 Nf6 5. e4 0-0 6. Be2 e5 7. 0-0 Na6 8. Be3 Ng4 9. Bg5 Qe8 10. dxe5 dxe5 11. h3 Nf6 12. a3 Nc5 13. Qc2 Ne6 14. Be3 Nd7 15. Rad1 b6 16. b4 Bb7 17. c5 bxc5 18. bxc5 Ndxc5 19. Nd5 Qa4 20. Qxa4 Nxa4 21. Bb5 Nb6 22. Ne7+ Kh8 23. Bc6 Bxc6 24. Nxc6 f6 25. Rd3 Rf7 26. Rc1 Bf8 27. g3 a5 28. Nd2 Rd7 29. Rcc3 Rxd3 30. Rxd3 Bc5 31. Nb3 Bxe3 32. Rxe3 a4 33. Nba5 Nd7 34. Rc3 Ndc5 35. Rc4 Ra6 36. f4 Nb3 37. Nb7 exf4 38. gxf4 Nd2 39. Rc2 Nxe4 40. f5 gxf5 41. Nbd8 N6g5 42. Kg2 f4 43. Nd4 c5 44. Nf3 Rd6 45. Nxg5 Nxg5 46. Nb7 f3+ 47. Kg3 Rb6 48. h4 Ne6 49. Na5 Nd4 50. Rxc5 Rb2 51. Rc4 Rg2+ 52. Kh3 Ne2 53. h5 Rg3+ 0-1

[Event "Cannes op"]
[Site "Cannes"]
[Date "1999.??.??"]
[Round "5"]
[White "Altisen Palmada, Roberto"]
[Black "Villeneuve, Alain"]
[Result "1-0"]
[WhiteElo "2205"]
[BlackElo "2311"]
[PlyCount "53"]
[EventDate "1999.??.??"]
[EventType "swiss"]
[EventRounds "9"]
[EventCountry "FRA"]
[SourceTitle "EXT 2000"]
[Source "ChessBase"]
[SourceDate "1999.11.16"]
[SourceVersion "1"]
[SourceVersionDate "1999.11.16"]
[SourceQuality "1"]

1. e4 d6 2. d4 Nf6 3. Nc3 g6 4. f4 Bg7 5. Bd3 0-0 6. Nf3 Na6 7. 0-0 c5 8. d5 Nc7 9. Qe1 Bg4 10. a4 Bxf3 11. Rxf3 e6 12. dxe6 fxe6 13. f5 gxf5 14. exf5 e5 15. Bg5 Qd7 16. Rd1 Kh8 17. Qh4 d5 18. Rh3 c4 19. Be4 d4 20. Bxb7 Rab8 21. Ne4 Nce8 22. Bc6 Qxf5 23. Rf1 Qxf1+ 24. Kxf1 Nxe4+ 25. Ke1 Nxg5 26. Qxg5 Nd6 27. Qg6 1-0

[Event "Le Touquet op 14th"]
[Site "Le Touquet"]
[Date "1999.??.??"]
[Round "8"]
[White "Villeneuve, Alain"]
[Black "Roeder, Mathias"]
[Result "0-1"]
[WhiteElo "2311"]
[BlackElo "2447"]
[PlyCount "76"]
[EventDate "1999.10.??"]
[EventType "swiss"]
[EventRounds "9"]
[EventCountry "FRA"]
[SourceTitle "EXT 2001"]
[Source "ChessBase"]
[SourceDate "2000.11.22"]
[SourceVersion "1"]
[SourceVersionDate "2000.11.22"]
[SourceQuality "1"]

1. d4 Nf6 2. c4 g6 3. Nc3 Bg7 4. e4 d6 5. Nf3 0-0 6. Be2 e5 7. 0-0 Nc6 8. d5 Ne7 9. b4 a5 10. Ba3 axb4 11. Bxb4 Nd7 12. a4 Bh6 13. a5 f5 14. Nd2 Nf6 15. c5 Bxd2 16. Qxd2 fxe4 17. cxd6 cxd6 18. Nb5 Nf5 19. Ra3 h5 20. h3 Kh7 21. Rc1 Rf7 22. Rac3 e3 23. Qd3 exf2+ 24. Kxf2 e4 25. Qc4 Bd7 26. Kg1 Bxb5 27. Qxb5 Nd4 28. Qc4 Nxe2+ 29. Qxe2 Nxd5 30. Rg3 Qh4 31. Bxd6 Rd8 32. Be5 Re8 33. Qb2 Rfe7 34. Bd6 Rd7 35. Qa3 Qd8 36. Bc5 Nf4 37. Bb6 Qh4 38. Re1 Rd3 0-1

[Event "Cannes op"]
[Site "Cannes"]
[Date "1999.??.??"]
[Round "4"]
[White "Villeneuve, Alain"]
[Black "Sulava, Nenad"]
[Result "0-1"]
[WhiteElo "2311"]
[BlackElo "2466"]
[PlyCount "78"]
[EventDate "1999.??.??"]
[EventType "swiss"]
[EventRounds "9"]
[EventCountry "FRA"]
[SourceTitle "EXT 2000"]
[Source "ChessBase"]
[SourceDate "1999.11.16"]
[SourceVersion "1"]
[SourceVersionDate "1999.11.16"]
[SourceQuality "1"]

1. d4 Nf6 2. c4 e6 3. Nc3 d5 4. cxd5 Nxd5 5. e4 Nxc3 6. bxc3 c5 7. Nf3 cxd4 8. cxd4 Nc6 9. Be2 Bb4+ 10. Bd2 Bxd2+ 11. Qxd2 0-0 12. 0-0 Qd6 13. Rfd1 b6 14. Qe3 Bb7 15. Ng5 Nb4 16. a3 Nc2 17. Qd3 Qf4 18. Qxc2 Qxg5 19. Bf3 Rfd8 20. Qc7 Rab8 21. d5 exd5 22. exd5 Kf8 23. Rd3 Qf6 24. Re1 Qd6 25. Qc2 Rbc8 26. Qd2 Re8 27. Rd1 Rc5 28. Qb4 a5 29. Qh4 h6 30. Qg3 Rd8 31. Qg4 Ba6 32. Re3 Rc4 33. Qf5 g6 34. Qb1 Rf4 35. Rc1 Bc4 36. Qb2 Kg8 37. g3 Rxf3 38. Rxf3 Qxd5 39. Qxb6 Qd1+ 0-1

[Event "Cannes Martinez op"]
[Site "Cannes"]
[Date "1995.??.??"]
[Round "5"]
[White "Lebel Arias, Julia"]
[Black "Villeneuve, Alain"]
[Result "0-1"]
[WhiteElo "2055"]
[BlackElo "2320"]
[PlyCount "66"]
[EventDate "1995.07.??"]
[EventType "swiss"]
[EventRounds "9"]
[EventCountry "FRA"]
[SourceTitle "EXT 1998"]
[Source "ChessBase"]
[SourceDate "1997.11.17"]
[SourceVersion "1"]
[SourceVersionDate "1997.11.17"]
[SourceQuality "1"]

1. d4 Nf6 2. Bg5 e6 3. Nf3 Be7 4. Nbd2 d5 5. e3 0-0 6. Bd3 c5 7. c3 b6 8. Ne5 Bb7 9. f4 Ne4 10. Bxe4 dxe4 11. Bxe7 Qxe7 12. 0-0 f6 13. Ng4 cxd4 14. exd4 Nd7 15. Re1 f5 16. Ne3 Kh8 17. Ndc4 Ba6 18. d5 Bxc4 19. Nxc4 Qc5+ 20. Ne3 e5 21. fxe5 Nxe5 22. Kh1 Nd3 23. Re2 f4 24. b4 Qxc3 25. Nc2 f3 26. Rd2 f2 27. Ne3 f1Q+ 28. Nxf1 Rxf1+ 29. Qxf1 Qxd2 30. d6 Qxb4 31. Qf5 Qxd6 32. Rf1 e3 33. Qe4 Nf2+ 0-1